| 000 | 00812cam a2200253 4500 | ||
|---|---|---|---|
| 008 | 090401t1997 xxu||||| |||| 00| 0 eng d | ||
| 020 | _a0421582308 | ||
| 035 | _a(Sirsi) u77162 | ||
| 041 | _aeng | ||
| 050 | _a346.410434 | ||
| 100 | _aKnafler, Stephen | ||
| 245 | _aRemedies for disrepair and other building defects. | ||
| 260 |
_aLondon _bSweet & Maxwell _c1997 |
||
| 300 | _axxxviii,344p. ; 21cm. | ||
| 350 | _a40 | ||
| 520 | _aProvides an extensive analysis of the case law and legislation relating to disrepair. Includes reference to nuisance, occupiers` liability and damages claims. | ||
| 650 | _aBUILDING DEFECTS | ||
| 650 | _aDISREPAIR | ||
| 650 | _aENVIRONMENTAL PROTECTION ACT 1990 | ||
| 650 | _aNUISANCE | ||
| 690 |
_aLANDLORD AND TENANT _96252 |
||
| 942 | _n0 | ||
| 948 | _c17/03/1997 | ||
| 999 |
_c96287 _d96287 |
||